000
00467nam a2200181Ia 4500
008
100917s9999 xx 000 0 und d
082
_b
9032
100
_a
बुवा. वि. आ.
245
_a
पडल्या पडल्या
260
_b
---
300
_a
100
365
_b
4
520
_a
कथा
630
_a
पडल्या पडल्या
650
_a
कथा
730
_a
पडल्या पडल्या
942
_c
BOOK
999
_c
614426
_d
614423